| 000 | 01649 a2200265 4500 | ||
|---|---|---|---|
| 001 | 2162214035926770 | ||
| 003 | UA-OsUOA | ||
| 005 | 20260504115817.0 | ||
| 008 | 260504b un co||| |||| 00| pdukr d | ||
| 020 | _a9669550092 | ||
| 040 |
_aUA-OsUOA _bukr _cUA-OsUOA _dUA-OsUOA |
||
| 041 | _aukr | ||
| 080 | _a821.161.2 | ||
| 090 |
_a821.161.2 _bВ67 |
||
| 100 |
_aВолинець М. _925160 |
||
| 245 |
_aНе вертайтесь, літа мої... _cМихтодь Волинець |
||
| 260 |
_aЖитомир _bАСА _c1999 |
||
| 300 | _a94 с. | ||
| 490 |
_aБібліотека журналу "КОСЕНЬ" _vВип. 1 |
||
| 520 | _aНайнаснажливіше зі слів - те, що з вистражданих, ціною неймовірних випробувань перевірених. Поезії Михтодя Волинця тим і незвичайні, що автор плекав їх нерідко на грані життя і смерті, коли з почуттями не лукавлять. Художньо-публіцистична образність, хай, може, й специфічна, теж не з ряду помірних. І ця пекча збірка, думається, не лише суто особистісна, - то значною мірою, книга життя чи не цілого покоління авторових сучасників... | ||
| 650 |
_a82 Література. Літературознавство _915 |
||
| 942 |
_cBK _2udc |
||
| 955 | _a3 | ||
| 999 |
_c580637 _d580637 |
||